000 00530nam a2200169Ia 4500
999 _c34803
_d34803
003 OSt
005 20200203141939.0
008 190216s9999||||xx |||||||||||||| ||und||
040 _coclc
082 _a342.54029
_bMUH/O
100 _aMuhammad, V A Seyid
_91806
245 0 _aOur Constitution For Haves Or Have-Nots? /
_cV A Seyid Muhammad
260 _bLipi Prakasan Publications,
_c1975.
_aDelhi:
300 _a176p
650 _aPolitical Science
942 _cBK
_2ddc
_h342.54029
_iMUH/O
_k342.54029
_mMUH/O